Ufc Pound For Pound Rankings (2018) - Statistics

General Stats
  • This quiz has been taken 541 times
  • The average score is 12 of 15
Answer Stats
Hint Answer % Correct
KO'd Jose Aldo in 13 seconds Conor McGregor
99%
Only loss is to Jon Jones Daniel Cormier
95%
Recently defended the Heavyweight belt for a record 3rd time Stipe Miocic
92%
Greatest Welterweight of all time Georges St-Pierre
90%
Beat Ray Borg via Flying Armbar Demetrious Johnson
89%
Known for wrestling bears since a young age Khabib Nurmagomedov
86%
Current Featherweight champion Max Holloway
85%
Second woman to KO Ronda Rousey Amanda Nunes
81%
Current Welterweight champion Tyron Woodley
81%
Current Bantamweight champion TJ Dillashaw
79%
Current Middleweight champion Robert Whittaker
74%
Recently lost his Bantamweight belt Cody Garbrandt
72%
She looks like Wanderlei Silva in a dress according to Dana White Cris Cyborg
67%
Recently lost her Strawweight belt Joanna Jedrzejczyk
55%
Trains at the 10th planet Jiu-Jitsu gym that's run by Eddie Bravo Tony Ferguson
37%
No matching quizzes found
Score Distribution
Percent of People with Each Score
Percentile by Number Answered
Your Score History
You have not taken this quiz